00477nam a2200157Ia 4500008004100000020001800041082001600059100002700075245008700102250000700189260004100196300002300237500001900260600002000279650002000299240925s9999 xx 000 0 und d a9788175967946 a332.042 BER aBerg, hendrick Van.Den 0aInternational Finance and Open-Economy Macroeconomics: theory, history and policy. aNA aNew Jersey:bWorld Scientficc,2010. a433p.b0fOriginal aIncludes Index aSocial Sciences aSocial Sciences